[Event "Belgrade Winter op"]
[Site "Belgrade"]
[Date "2008.01.30"]
[Round "9"]
[White "Drobnjak, Zeljko"]
[Black "Grujicic, Zoran"]
[Result "1/2-1/2"]
[WhiteElo "2131"]
[BlackElo "2057"]
[PlyCount "83"]
[EventDate "2008.01.22"]
[EventType "swiss"]
[EventRounds "9"]
[EventCountry "YUG"]
[SourceTitle "CBM 122 Extra"]
[Source "ChessBase"]
[SourceDate "2008.03.04"]
[SourceVersion "1"]
[SourceVersionDate "2008.03.04"]
[SourceQuality "1"]

1. e4 c6 2. d4 d5 3. Nd2 dxe4 4. Nxe4 Bf5 5. Ng3 Bg6 6. Nf3 Nd7 7. h4 h6 8. h5 Bh7 9. Bd3 Bxd3 10. Qxd3 Ngf6 11. Bf4 e6 12. 0-0-0 Nd5 13. Bd2 Bd6 14. Ne4 Bc7 15. g3 N5f6 16. Kb1 Nxe4 17. Qxe4 Nf6 18. Qe2 Qe7 19. c4 0-0-0 20. Bc3 Rhe8 21. Ne5 Nd7 22. Nxd7 Qxd7 23. g4 f6 24. f3 Qf7 25. Qe4 Rd7 26. Rhe1 e5 27. Qf5 exd4 28. Rxe8+ Qxe8 29. Rxd4 Kd8 30. Rxd7+ Qxd7 31. Qxd7+ Kxd7 32. Kc2 Ke6 33. b3 Be5 34. Bd2 f5 35. Kd3 a6 36. a4 Bf6 37. Be3 fxg4 38. fxg4 Ke5 39. b4 Bg5 40. a5 Bf6 41. Bd2 Ke6 42. Ke4 1/2-1/2

[Event "Belgrade Winter op"]
[Site "Belgrade"]
[Date "2008.01.27"]
[Round "6"]
[White "Lukovic, Vladimir"]
[Black "Drobnjak, Zeljko"]
[Result "1-0"]
[WhiteElo "1943"]
[BlackElo "2131"]
[PlyCount "57"]
[EventDate "2008.01.22"]
[EventType "swiss"]
[EventRounds "9"]
[EventCountry "YUG"]
[SourceTitle "CBM 122 Extra"]
[Source "ChessBase"]
[SourceDate "2008.03.04"]
[SourceVersion "1"]
[SourceVersionDate "2008.03.04"]
[SourceQuality "1"]

1. e4 Nf6 2. e5 Nd5 3. c4 Nb6 4. d4 d6 5. exd6 exd6 6. Be2 Be7 7. h3 Bf5 8. Nc3 Nc6 9. Be3 Bf6 10. Nf3 Bg6 11. 0-0 0-0 12. Re1 Ne7 13. g4 Nc6 14. h4 Bxh4 15. g5 f5 16. Bf4 h6 17. Nxh4 hxg5 18. Nxg6 Rf6 19. Bc1 Rxg6 20. c5 g4 21. Kg2 g3 22. f3 f4 23. cxb6 Rh6 24. Bc4+ Kf8 25. Rh1 Rh2+ 26. Rxh2 gxh2 27. Bxf4 Qh4 28. Bxh2 Nxd4 29. Bg3 1-0

[Event "Belgrade Winter op"]
[Site "Belgrade"]
[Date "2008.01.25"]
[Round "4"]
[White "Marinkovic, Zoran"]
[Black "Drobnjak, Zeljko"]
[Result "1-0"]
[WhiteElo "2271"]
[BlackElo "2131"]
[PlyCount "62"]
[EventDate "2008.01.22"]
[EventType "swiss"]
[EventRounds "9"]
[EventCountry "YUG"]
[SourceTitle "CBM 122 Extra"]
[Source "ChessBase"]
[SourceDate "2008.03.04"]
[SourceVersion "1"]
[SourceVersionDate "2008.03.04"]
[SourceQuality "1"]

1. Nf3 Nf6 2. g3 g6 3. Bg2 Bg7 4. 0-0 0-0 5. c4 c5 6. Nc3 d6 7. d4 a6 8. Qb3 Nbd7 9. Rd1 Rb8 10. a4 cxd4 11. Nxd4 Nc5 12. Qa3 Ne6 13. Nxe6 fxe6 14. c5 d5 15. Bf4 Bd7 16. e4 Ng4 17. Bxb8 Qxb8 18. Rd2 d4 19. Nd1 Ne5 20. Qb3 g5 21. f3 Qe8 22. Nf2 h5 23. Nh3 Bh6 24. Rxd4 g4 25. fxg4 Nxg4 26. Nf4 Rxf4 27. gxf4 Bxf4 28. Rd3 Bxh2+ 29. Kh1 Be5 30. Rf1 Qc8 31. Qd1 Bc6 1-0

[Event "Belgrade Trophy 20th"]
[Site "Belgrade"]
[Date "2007.11.29"]
[Round "8"]
[White "Drobnjak, Zeljko"]
[Black "Danojlic, Petar"]
[Result "1-0"]
[WhiteElo "2188"]
[BlackElo "1882"]
[PlyCount "66"]
[EventDate "2007.11.22"]
[EventType "swiss"]
[EventRounds "9"]
[EventCountry "YUG"]
[SourceTitle "CBM 121 Extra"]
[Source "ChessBase"]
[SourceDate "2008.01.10"]
[SourceVersion "1"]
[SourceVersionDate "2008.01.10"]
[SourceQuality "1"]

1. e4 c5 2. Nf3 Nc6 3. Nc3 d6 4. d4 cxd4 5. Nxd4 a6 6. Bc4 e6 7. Bb3 Nf6 8. Be3 Be7 9. Qe2 Bd7 10. 0-0-0 b5 11. Nxc6 Bxc6 12. e5 Ng8 13. Qg4 Kf8 14. exd6 Bf6 15. Rhe1 h5 16. Qb4 a5 17. Qc5 Qd7 18. a4 bxa4 19. Nxa4 Bd8 20. Qa3 Qb7 21. d7+ Ne7 22. Bc5 Bxd7 23. Rd2 Ke8 24. Red1 Bc6 25. Bd6 Nd5 26. Bxd5 Bxd5 27. Rxd5 Rc8 28. Nc5 Qb4 29. Nxe6 Qg4 30. Nxg7+ Kd7 31. Bf4+ Kc6 32. Qd6+ Kb7 33. Rb5+ Ka7 1-0

[Event "Belgrade Trophy 20th"]
[Site "Belgrade"]
[Date "2007.11.24"]
[Round "3"]
[White "Bojanic, Denis"]
[Black "Drobnjak, Zeljko"]
[Result "0-1"]
[WhiteElo "1981"]
[BlackElo "2188"]
[PlyCount "84"]
[EventDate "2007.11.22"]
[EventType "swiss"]
[EventRounds "9"]
[EventCountry "YUG"]
[SourceTitle "CBM 121 Extra"]
[Source "ChessBase"]
[SourceDate "2008.01.10"]
[SourceVersion "1"]
[SourceVersionDate "2008.01.10"]
[SourceQuality "1"]

1. e4 c5 2. c3 e5 3. Nf3 Nc6 4. d4 cxd4 5. cxd4 Bb4+ 6. Bd2 exd4 7. Bxb4 Nxb4 8. Nxd4 Qb6 9. Nc3 Qxd4 10. Qxd4 Nc2+ 11. Kd2 Nxd4 12. Bc4 Ne7 13. f4 0-0 14. b4 a6 15. a4 Rb8 16. b5 d6 17. f5 d5 18. Nxd5 Nxd5 19. Bxd5 axb5 20. Kd3 Nc6 21. Rab1 bxa4 22. Ke3 Ne7 23. Bc4 Bd7 24. g4 b5 25. Be2 f6 26. h4 Bc6 27. Rhg1 Rfe8 28. Kf4 Nxf5 29. gxf5 Rxe4+ 30. Kf3 Rxh4+ 31. Kg3 Rd4 32. Rgc1 Bd7 33. Bc4+ Kf8 34. Be6 Bxe6 35. fxe6 Re4 36. Rc6 b4 37. Rd1 Re8 38. Rd7 R4xe6 39. Rc4 Re3+ 40. Kf2 Re2+ 41. Kf1 b3 42. Rcc7 R2e7 0-1